| 000 | 00766nam a2200277Ia 4500 | ||
|---|---|---|---|
| 001 | 2835 | ||
| 005 | 20240113233557.0 | ||
| 007 | ta | ||
| 008 | 170722s2001 ii a g b000 u 465 u | ||
| 020 | _a81-203-0889-1 | ||
| 040 | _aComputer (Stack) | ||
| 041 | _aeng | ||
| 082 |
_a001.642 _bBa 23 Ab |
||
| 100 |
_aBarkakati, Nabajyoti ., _eAuthor. |
||
| 245 | 0 |
_aObject-Oriented Programming in C ++ / _cNabajyoti Barkakati. _hTextual Documents |
|
| 250 | _aEastern Economy ed. / | ||
| 260 |
_aNew Delhi : _bPrentice-Hall of India(Pvt Ltd) , _c2001. |
||
| 300 |
_a666p. : _bill ; _c24 cm . |
||
| 504 | _aIndex. | ||
| 653 | _aComputer Programming | ||
| 942 |
_2ddc _cBK |
||
| 999 |
_c2828 _d2828 |
||